000 00630nam a2200241Ia 4500
003 OSt
005 20221007075011.0
006 a|||||r|||| 00| 0
007 ta
008 221006b |||||||| |||| 00| 0 eng d
020 _a8186505539
024 _a12,762
037 _cTextual
040 _aFLL
_cFLL
_beng
041 _2eng
_aeng
082 _aV4441y7:Z, P1
100 _aWadhwa K.K.
_9693394
245 0 _aConstitutional autonomy
260 _aNew Delhi
_bBhavana Books & Prints India
_c2001
300 _a224p
_ccm.
942 _hV4441y7:Z, P1
_cTEXL
_2CC
999 _c1154450
_d1154450